| 000 | 00702nam a2200217 4500 | ||
|---|---|---|---|
| 999 |
_c371047 _d371047 |
||
| 008 | 201207b ||||| |||| 00| 0 eng d | ||
| 040 |
_bger _cSTAFF _erda _aSTAFF |
||
| 041 | _ager | ||
| 100 | _aStangler, Josephine: | ||
| 245 |
_aHüte aus Guben und Luckenwalde. _cJosephine Stangler |
||
| 490 |
_aDie Mark Brandenburg _v2021/Sonderheft |
||
| 653 | _aWilke, Carl Gottlob | ||
| 653 | _aGuben | ||
| 653 | _aLuckenwalde | ||
| 653 | _aHut / Bekleidungsindustrie | ||
| 773 |
_dBerlin: Die Mark Brandenburg - Verlag für Regional- und Zeitgeschichte _g(2021) Sonderheft, S. 28-32: Abb. _tDie Mark Brandenburg |
||
| 942 | _cA | ||